<?xml version="1.0" encoding="UTF-8"?>
<record
    xmlns:xsi="http://www.w3.org/2001/XMLSchema-instance"
    xsi:schemaLocation="http://www.loc.gov/MARC21/slim http://www.loc.gov/standards/marcxml/schema/MARC21slim.xsd"
    xmlns="http://www.loc.gov/MARC21/slim">

  <leader>01559nam a22002657a 4500</leader>
  <controlfield tag="005">20081117123210.0</controlfield>
  <controlfield tag="008">081117t        xxu||||| |||| 00| 0 hin d</controlfield>
  <datafield tag="010" ind1=" " ind2=" ">
    <subfield code="a">HIN-85084</subfield>
  </datafield>
  <datafield tag="020" ind1=" " ind2=" ">
    <subfield code="c">180.00</subfield>
    <subfield code="a">9788189962616</subfield>
  </datafield>
  <datafield tag="035" ind1=" " ind2=" ">
    <subfield code="a">HN-57430</subfield>
  </datafield>
  <datafield tag="037" ind1=" " ind2=" ">
    <subfield code="b">DBAD / PUB</subfield>
  </datafield>
  <datafield tag="040" ind1=" " ind2=" ">
    <subfield code="a">DPL</subfield>
    <subfield code="b">HN</subfield>
  </datafield>
  <datafield tag="082" ind1=" " ind2=" ">
    <subfield code="a">954.083</subfield>
  </datafield>
  <datafield tag="100" ind1=" " ind2=" ">
    <subfield code="a">&#x936;&#x94D;&#x930;&#x940;&#x92A;&#x93E;&#x928;&#x94D;&#x925;</subfield>
  </datafield>
  <datafield tag="245" ind1=" " ind2=" ">
    <subfield code="a">&#x92E;&#x902;&#x917;&#x932; &#x92A;&#x93E;&#x923;&#x94D;&#x921;&#x947; &#x915;&#x93E; &#x92E;&#x941;&#x915;&#x926;&#x92E;&#x93E;   /</subfield>
    <subfield code="b">&#x936;&#x94D;&#x930;&#x940;&#x92A;&#x93E;&#x928;&#x94D;&#x925; ; &#x905;&#x92E;&#x930; &#x917;&#x94B;&#x938;&#x94D;&#x935;&#x93E;&#x92E;&#x940; &#x926;&#x94D;&#x935;&#x93E;&#x930;&#x93E; &#x92C;&#x93E;&#x902;&#x917;&#x94D;&#x932;&#x93E; &#x938;&#x947; &#x905;&#x928;&#x941;&#x926;&#x93F;&#x924; </subfield>
  </datafield>
  <datafield tag="246" ind1=" " ind2=" ">
    <subfield code="b">by Shripanth ; translated by Amar Goswami</subfield>
    <subfield code="a">Mangal Pande ka mukadama </subfield>
  </datafield>
  <datafield tag="260" ind1=" " ind2=" ">
    <subfield code="a">&#x917;&#x93E;&#x91C;&#x93F;&#x92F;&#x93E;&#x92C;&#x93E;&#x926; </subfield>
    <subfield code="b">&#x930;&#x947;&#x92E;&#x93E;&#x927;&#x935; &#x92A;&#x92C;&#x94D;&#x932;&#x93F;&#x915;&#x947;&#x936;&#x928;&#x94D;&#x938; &#x92A;&#x94D;&#x930;&#x93E;.&#x932;&#x93F;. </subfield>
    <subfield code="c">2008</subfield>
  </datafield>
  <datafield tag="270" ind1=" " ind2=" ">
    <subfield code="a">&#x938;&#x940;-22,&#x924;&#x943;&#x924;&#x940;&#x92F; &#x924;&#x932;, &#x906;&#x930;.&#x921;&#x940;.&#x938;&#x940;.&#x930;&#x93E;&#x91C;&#x928;&#x917;&#x930;,</subfield>
    <subfield code="b">&#x917;&#x93E;&#x91C;&#x93F;&#x92F;&#x93E;&#x92C;&#x93E;&#x926; </subfield>
    <subfield code="e">201002</subfield>
    <subfield code="k">0120-6456849,</subfield>
    <subfield code="l">0120-2702672</subfield>
    <subfield code="m">contact@remadhav.com</subfield>
  </datafield>
  <datafield tag="300" ind1=" " ind2=" ">
    <subfield code="a">159 &#x92A;&#x943;</subfield>
    <subfield code="c">22&#x938;&#x947;&#x92E;&#x940; (&#x938;&#x91C;&#x93F;&#x932;&#x94D;&#x926;)</subfield>
  </datafield>
  <datafield tag="500" ind1=" " ind2=" ">
    <subfield code="a">&#x92C;&#x93E;&#x902;&#x917;&#x94D;&#x932;&#x93E; &#x938;&#x947; &#x905;&#x928;&#x941;&#x935;&#x93E;&#x926; </subfield>
  </datafield>
  <datafield tag="651" ind1=" " ind2=" ">
    <subfield code="a">&#x92D;&#x93E;&#x930;&#x924;</subfield>
    <subfield code="x">&#x907;&#x924;&#x93F;&#x939;&#x93E;&#x938;</subfield>
    <subfield code="x">&#x907;&#x924;&#x93F;&#x939;&#x93E;&#x938; &#x932;&#x947;&#x916;&#x928; &#x915;&#x932;&#x93E;</subfield>
    <subfield code="y">&#x938;&#x948;&#x928;&#x94D;&#x92F; &#x935;&#x93F;&#x926;&#x94D;&#x930;&#x94B;&#x939;,  1857-1858</subfield>
  </datafield>
  <datafield tag="651" ind1=" " ind2=" ">
    <subfield code="a">India</subfield>
    <subfield code="x">History</subfield>
    <subfield code="x">Historiography</subfield>
    <subfield code="y">Sepoy Rebellion,  1857-1858</subfield>
  </datafield>
  <datafield tag="942" ind1=" " ind2=" ">
    <subfield code="2">ddc</subfield>
    <subfield code="c">HN</subfield>
    <subfield code="m">&#x936;&#x94D;&#x930;&#x940;&#x92A;&#x93E;&#x928;&#x94D;&#x925; </subfield>
    <subfield code="h">954.083</subfield>
  </datafield>
  <datafield tag="999" ind1=" " ind2=" ">
    <subfield code="c">18817</subfield>
    <subfield code="d">18817</subfield>
  </datafield>
  <datafield tag="952" ind1=" " ind2=" ">
    <subfield code="0">0</subfield>
    <subfield code="1">0</subfield>
    <subfield code="2">ddc</subfield>
    <subfield code="4">0</subfield>
    <subfield code="7">1</subfield>
    <subfield code="a">DBAD</subfield>
    <subfield code="b">DBAD</subfield>
    <subfield code="d">2008-11-20</subfield>
    <subfield code="g">180.00</subfield>
    <subfield code="l">0</subfield>
    <subfield code="o">&#x936;&#x94D;&#x930;&#x940;&#x92A;&#x93E;&#x928;&#x94D;&#x925;</subfield>
    <subfield code="p">HN-57430</subfield>
    <subfield code="r">2008-11-20 00:00:00</subfield>
    <subfield code="t">1</subfield>
    <subfield code="v">180.00</subfield>
    <subfield code="w">2008-11-20</subfield>
    <subfield code="y">HN</subfield>
  </datafield>
</record>
